Bairros da RMR em um mapa - Statistics

Estatísticas Gerais
  • Esse quiz foi jogado 24 vezes
  • A pontuação média é 135 de 328
Respostas no mapa
Respostas codificadas por cores de uma escala verde-vermelha no mapa do quiz de acordo com a % correta abaixo.
 
Estatísticas das Respostas
Group Bairro % Correto
Recife Boa Viagem
94%
Recife Afogados
88%
Camaragibe Alto da Boa Vista
88%
Recife Boa Vista
88%
Recife Casa Amarela
88%
Recife Imbiribeira
88%
Recife Ipsep
88%
Recife Pina
88%
Recife Recife
88%
Recife São José
88%
Itapissuma Várzea
88%
Recife Varzea
88%
Recife Barro
81%
Recife Brasília Teimosa
81%
Recife Casa Forte
81%
Abreu e Lima | Cabo de Santo Agostinho | Igarassu | +4 others Centro
81%
Jaboatão dos Guararapes | Recife Curado
81%
Recife Derby
81%
Recife Guabiraba
81%
Recife Ibura
81%
Jaboatão dos Guararapes Jardim Jordão
81%
Recife Jordão
81%
Recife Madalena
81%
Jaboatão dos Guararapes Piedade
81%
Camaragibe Alto Santo Antônio
75%
Recife Cabanga
75%
Itapissuma | Recife Cajueiro
75%
Jaboatão dos Guararapes Candeias
75%
Recife Caxangá
75%
Recife Cidade Universitária
75%
Recife Ilha do Retiro
75%
Recife Joana Bezerra
75%
Recife Macaxeira
75%
Recife Alto José Bonifácio
69%
Olinda Bairro Novo
69%
Recife Beberibe
69%
Itapissuma | Recife Espinheiro
69%
Recife Graças
69%
Recife Ilha do Leite
69%
Recife Iputinga
69%
Recife Jardim São Paulo
69%
Recife Morro da Conceição
69%
Paulista Nossa Senhora do Ó
69%
Recife Paissandu
69%
Olinda | Recife Passarinho
69%
Olinda | Recife Peixinhos
69%
Recife Prado
69%
Recife Santo Amaro
69%
Igarassu | Ipojuca | Recife Santo Antônio
69%
Recife Tejipió
69%
Recife Torre
69%
Recife Aflitos
63%
Recife Agua Fria
63%
Recife Areias
63%
Recife Arruda
63%
Abreu e Lima Caetés I
63%
Abreu e Lima Caetés II
63%
Jaboatão dos Guararapes Cajueiro Seco
63%
Recife Campo Grande
63%
Recife Coelhos
63%
Recife Cordeiro
63%
Recife Dois Irmãos
63%
Recife Dois Unidos
63%
Recife Estância
63%
Paulista Janga
63%
Recife Linha do TIro
63%
Recife Mustardinha
63%
Olinda Rio Doce
63%
Recife Soledade
63%
Recife Tamarineira
63%
Recife Torrões
63%
Recife Zumbi
63%
Recife Alto do Mandu
56%
Jaboatão dos Guararapes Barra de Jangada
56%
Recife Bongi
56%
Recife Campina do Barreto
56%
Olinda Casa Caiada
56%
Jaboatão dos Guararapes Cavaleiro
56%
Cabo de Santo Agostinho | Recife Cohab
56%
Recife Engenho do Meio
56%
Recife Hipódromo
56%
Itamaracá | Paulista Jaguaribe
56%
Recife Jaqueira
56%
Paulista Maria Farinha
56%
Paulista Nossa Senhora da Conceição
56%
Olinda Ouro Preto
56%
Paulista Paratibe
56%
Paulista Pau Amarelo
56%
Recife Poço da Panela
56%
Olinda Salgadinho
56%
Recife San Martin
56%
Recife Torreão
56%
Recife Totó
56%
Olinda Varadouro
56%
São Lourenço da Mata Aldeia
50%
Recife Alto Santa Teresinha
50%
Olinda Amparo
50%
Recife Apipucos
50%
Recife Bomba do Hemetério
50%
Abreu e Lima Caetés III
50%
Abreu e Lima Fosfato
50%
Olinda | Paulista Fragoso
50%
Jaboatão dos Guararapes Guararapes
50%
Olinda Jardim Atlântico
50%
Olinda Jardim Brasil
50%
Paulista Jardim Paulista
50%
Recife Jiquiá
50%
Ipojuca Maracaípe
50%
Paulista Maranguape I
50%
Paulista Maranguape II
50%
Jaboatão dos Guararapes Muribeca
50%
Recife Nova Descoberta
50%
Recife Parnamirim
50%
Recife Pau Ferro
50%
Recife Ponto de Parada
50%
Recife Sancho
50%
Camaragibe | Jaboatão dos Guararapes | Recife Santana
50%
Jaboatão dos Guararapes Santo Aleixo
50%
Olinda Sapucaia
50%
Olinda | Paulista Tabajara
50%
Olinda Aguazinha
44%
Olinda Alto da Bondade
44%
Jaboatão dos Guararapes Alto Dois Carneiros
44%
Recife Alto José do Pinho
44%
Olinda Amaro Branco
44%
Recife Caçote
44%
Olinda Carmo
44%
Jaboatão dos Guararapes Comportas
44%
Recife Coqueiral
44%
Igarassu Cruz de Rebouças
44%
Abreu e Lima Desterro
44%
Recife Encruzilhada
44%
Itamaracá Forte Orange
44%
Recife Fundão
44%
Recife Mangueira
44%
Olinda Monte
44%
Paulista Nobre
44%
Cabo de Santo Agostinho Paiva
44%
Cabo de Santo Agostinho Pontezinha
44%
Jaboatão dos Guararapes Prazeres
44%
Recife Sítio dos Pintos
44%
Recife Vasco da Gama
44%
Olinda Vila Popular
44%
Jaboatão dos Guararapes Zumbi do Pacheco
44%
Olinda Águas Compridas
38%
Abreu e Lima Alto Bela Vista
38%
Paulista Arthur Lundgren I
38%
Paulista Arthur Lundgren II
38%
Olinda Bonsucesso
38%
Recife Brejo da Guabiraba
38%
Recife Córrego do Jenipapo
38%
Abreu e Lima Distrito Industrial
38%
Cabo de Santo Agostinho Distrito Industrial Diper
38%
Cabo de Santo Agostinho Distrito Industrial Santo Estevão
38%
Paulista Engenho Maranguape
38%
Jaboatão dos Guararapes Floriano
38%
Cabo de Santo Agostinho Gaibu
38%
Jaboatão dos Guararapes Marcos Freire
38%
Abreu e Lima Matinha
38%
Paulista Mirueira
38%
Ipojuca Muro Alto
38%
Itamaracá Pilar
38%
Cabo de Santo Agostinho Ponte dos Carvalhos
38%
Recife Porto da Madeira
38%
Cabo de Santo Agostinho Suape
38%
Jaboatão dos Guararapes Vila Rica
38%
Itamaracá Vila Velha
38%
Recife Brejo do Beberibe
31%
Jaboatão dos Guararapes Bulhões
31%
Olinda Bultrins
31%
Itapissuma Conceição
31%
Ipojuca Cupe
31%
Jaboatão dos Guararapes Engenho Velho
31%
Paulista Jaguarana
31%
Paulista Jardim Maranguape
31%
Itapissuma | Recife Mangabeira
31%
Recife Monteiro
31%
Jaboatão dos Guararapes Muribequinha
31%
Paulista Parque do Janga
31%
Paulista Poty
31%
Recife Rosarinho
31%
Itamaracá | Jaboatão dos Guararapes Socorro
31%
Jaboatão dos Guararapes Sucupira
31%
Camaragibe | Igarassu Tabatinga
31%
São Lourenço da Mata Tiúma
31%
Jaboatão dos Guararapes Vargem Fria
31%
Igarassu Agamenon
25%
Ipojuca Alto da Caixa D'água
25%
Olinda Alto da Conquista
25%
Igarassu Alto do Céu
25%
Olinda Alto do Sol Nascente
25%
Igarassu | São Lourenço da Mata Bela Vista
25%
Olinda Caixa D'Água
25%
Cabo de Santo Agostinho Charneca
25%
Olinda Guadalupe
25%
Paulista Jardim Velho
25%
Jaboatão dos Guararapes Manassu
25%
Igarassu Manjope
25%
São Lourenço da Mata Nova Tiúma
25%
Olinda São Benedito
25%
Itamaracá Sossego
25%
Camaragibe Timbi
25%
Abreu e Lima Timbó
25%
Ipojuca Toquinho
25%
Paulista Vila Torres Galvão
25%
Jaboatão dos Guararapes Vista Alegre
25%
Olinda Alto da Nação
19%
Abreu e Lima Alto São Miguel
19%
Igarassu Ana de Albuquerque
19%
Igarassu Bonfim
19%
Abreu e Lima Caetés Velho
19%
Igarassu Campina da Feira
19%
Cabo de Santo Agostinho Charnequinha
19%
Igarassu Encanto Igarassu
19%
Cabo de Santo Agostinho Enseada dos Corais
19%
Ipojuca Enseadinha
19%
Itamaracá Forno da Cal
19%
Camaragibe João Paulo II
19%
Cabo de Santo Agostinho Pirapama
19%
Abreu e Lima Planalto
19%
Igarassu Rubina
19%
Igarassu Santa Luzia
19%
Igarassu Santa Rita
19%
Camaragibe | Olinda Santa Tereza
19%
Cabo de Santo Agostinho São Francisco
19%
Camaragibe São Pedro
19%
Igarassu Saramandaia
19%
Igarassu Sítio dos Marcos
19%
Olinda Sítio Novo
19%
Igarassu Vila Rural
19%
Camaragibe Alberto Maia
13%
Camaragibe Aldeia de Baixo
13%
Camaragibe Aldeia dos Camaras
13%
Camaragibe Areeiro
13%
Camaragibe Bairro dos Estados
13%
Camaragibe Bairro Novo do Carmelo
13%
Camaragibe Borralho
13%
São Lourenço da Mata Capibaribe
13%
Camaragibe Celeiro das Alegrias Futuras
13%
Camaragibe Céu Azul
13%
São Lourenço da Mata Chã da Tábua
13%
São Lourenço da Mata Ercina Lapenda
13%
Camaragibe Estação Nova
13%
Cabo de Santo Agostinho Garapu
13%
Igarassu Inhamã
13%
Cabo de Santo Agostinho Itapoama
13%
Igarassu Jabacó
13%
Camaragibe Jardim Primavera
13%
Cabo de Santo Agostinho Juçaral
13%
Ipojuca Merepe
13%
Camaragibe Nazaré
13%
Camaragibe Oitenta
13%
São Lourenço da Mata Parque Capibaribe
13%
São Lourenço da Mata Pixete
13%
Itamaracá Pontal da Ilha
13%
Igarassu Posto de Monta
13%
Itamaracá Quatro Cantos
13%
Camaragibe Santa Mônica
13%
Cabo de Santo Agostinho Santo Inácio
13%
Camaragibe | São Lourenço da Mata São João e São Paulo
13%
Camaragibe São Paulo
13%
Igarassu Triunfo
13%
Camaragibe Vale das Pedreiras
13%
São Lourenço da Mata Várzea Fria
13%
Camaragibe Vera Cruz
13%
Camaragibe Viana
13%
Camaragibe Vila da Fábrica
13%
Camaragibe Vila da Inabi
13%
Ipojuca Alto da Palmeira
6%
Ipojuca Antônio Dourado Neto
6%
Itamaracá Biquinha
6%
Igarassu Boa Sorte
6%
Cabo de Santo Agostinho Bom Conselho
6%
São Lourenço da Mata Caiará
6%
Ipojuca Canoas
6%
Itapissuma Cidade Criança
6%
Itapissuma Cidade Industrial
6%
Cabo de Santo Agostinho Destilaria
6%
Cabo de Santo Agostinho Engenho Ilha
6%
Ipojuca Enseada de Serrambi
6%
Itamaracá Enseada dos Golfinhos
6%
Itapissuma Grêmio
6%
Araçoiaba Hiderbrando Carneiro
6%
Cabo de Santo Agostinho Malaquias
6%
São Lourenço da Mata Muribara
6%
Ipojuca Nova Camela
6%
Itamaracá Oiteiro
6%
Igarassu Pancó
6%
São Lourenço da Mata Penedo
6%
Ipojuca Ponta de Serrambi
6%
Araçoiaba Quinze
6%
Itamaracá Rio Ambar
6%
Cabo de Santo Agostinho Rosário
6%
Ipojuca Rurópolis Centro
6%
Ipojuca Salinas
6%
Ipojuca Santo Cristo
6%
Ipojuca São Miguel
6%
Igarassu Umbura
6%
Itapissuma Veloz
6%
Ipojuca Vila do Porto
6%
São Lourenço da Mata Vila do Reinado
6%
Cabo de Santo Agostinho Vila Social Contra Mocambo
6%
Nenhum quiz correspondente encontrado
Distribuição das Pontuações
Porcentagem de Pessoas com Cada Pontuação
Percentil de Números Respondidos
Sua Pontuação Histórica
Você não jogou esse quiz